| 000 | 00502nam a22001577a 4500 | ||
|---|---|---|---|
| 005 | 20250223131021.0 | ||
| 008 | 250223b |||||||| |||| 00| 0 eng d | ||
| 020 | _a9780781777063 | ||
| 050 |
_aRJ245 _b.B764 |
||
| 100 | _aHatfield, Nancy T. | ||
| 245 |
_aBroadribb's Introductory Pediatric Nursing/ _cNancy T. Hatfield |
||
| 250 | _a7th ed. | ||
| 260 |
_aPhiladelphia _bWolters Kluwer/Lippincott Williams & Wilkins _c2008 |
||
| 300 |
_axxvi. 694p. _bill. some color _c27.5cm |
||
| 942 |
_2lcc _cBK _e7th ed. _n0 |
||
| 999 |
_c4186 _d4186 |
||